书目信息 |
| 题名: |
许世友上将
|
|
| 作者: | 金冶 , 胡居成 , 胡兆才 著 | |
| 分册: | ||
| 出版信息: | 北京 解放军文艺出版社 2005.05 |
|
| 页数: | 367页, [4] 页图版 | |
| 开本: | 21cm | |
| 丛书名: | 中国人民解放军百战将星丛书 | |
| 单 册: | ||
| 中图分类: | K825.2 | |
| 科图分类: | ||
| 主题词: | 报告文学--bao gao wen xue--中国--现代 | |
| 电子资源: | ||
| ISBN: | 7-5033-1814-7 | |
| 000 | 01130nam 2200289 450 | |
| 001 | 012007508979 | |
| 005 | 20070929102435.67 | |
| 010 | @a7-5033-1814-7@dCNY21.00 | |
| 100 | @a20070814d2005 km y0chiy0120 ea | |
| 101 | 0 | @achi |
| 102 | @aCN@b110000 | |
| 105 | @aacf z 000zb | |
| 200 | 1 | @a许世友上将@Axu shi you shang jiang@f金冶, 胡居成, 胡兆才著@Fjin ye,hu ju cheng,hu zhao cai zhu |
| 210 | @a北京@c解放军文艺出版社@d2005.05 | |
| 215 | @a367页, [4] 页图版@c图, 肖像@d21cm | |
| 225 | 2 | @a中国人民解放军百战将星丛书@Azhong guo ren min jie fang jun bai zhan jiang xing cong shu |
| 330 | @a本书以翔实的史料,记述了许世友上将从士兵到将军的成长历程,展现了他为人襟怀坦白、光明磊落、忠孝两全的思想和人格魅力。 | |
| 410 | 0 | @12001 @a中国人民解放军百战将星丛书 |
| 600 | 0 | @a许世友,@Axu shi you@f1905-1985@x传记 |
| 601 | 02 | @a中国人民解放军@Azhong guo ren min jie fang jun@x将军@x生平事迹 |
| 606 | 0 | @a报告文学@Abao gao wen xue@y中国@z现代 |
| 690 | @aK825.2@v4 | |
| 701 | 0 | @a金冶@Ajin ye@4著 |
| 701 | 0 | @a胡居成@Ahu ju cheng@4著 |
| 701 | 0 | @a胡兆才@Ahu zhao cai@4著 |
| 801 | 0 | @aCN@c20070929 |
| 905 | @dK825.2@eX898 | |
| 许世友上将/金冶, 胡居成, 胡兆才著.-北京:解放军文艺出版社,2005.05 |
| 367页, [4] 页图版:图, 肖像;21cm.-(中国人民解放军百战将星丛书) |
| ISBN 7-5033-1814-7:CNY21.00 |
| 本书以翔实的史料,记述了许世友上将从士兵到将军的成长历程,展现了他为人襟怀坦白、光明磊落、忠孝两全的思想和人格魅力。 |
| ● |
| 相关链接 |
|
|
|
正题名:许世友上将
索取号:K825.2/X898
 
预约/预借
| 序号 | 登录号 | 条形码 | 馆藏地/架位号 | 状态 | 备注 |
| 1 | 248747 | 202487479 | 社科库309/309社科库 47排4列2层/ [索取号:K825.2/X898] | 在馆 | |
| 2 | 248748 | 202487488 | 社科库309/309社科库 47排4列2层/ [索取号:K825.2/X898] | 在馆 |